000 00584nam a22001937a 4500
005 20251108170913.0
008 250721s1987 xx 000 0 ara d
082 1 4 _a398.03/سعد
100 1 _aأبو سعد، أحمد
245 1 0 _aقاموس المصطلحات و التعابير الشعبية /
264 1 _aبيروت :
_bمكتبة لبنان،
_c1987.
300 _a550ص.
490 0 _aاللغة العربية
650 1 7 _aاللغة العربية
650 1 7 _aاللهجات
650 1 7 _aمعاجم المصطلحات
942 _2ddc
_cBK
999 _c51761
_d51761